| 000 | 00625nam a2200205 a 4500 | ||
|---|---|---|---|
| 001 | 000011314 | ||
| 005 | 20250228152923.0 | ||
| 008 | 091016s1997 dr r 000 d spa d | ||
| 020 | _z84840002527 | ||
| 040 |
_aDO-SdBNP _bspa _cBNPHU |
||
| 082 |
_aRD862.44 _bC352L |
||
| 100 | 1 |
_aCastillo, Efraím, _d1940- _928022 |
|
| 245 | 1 | 4 |
_aLos lectores del ático / _cEfraim Castillo. |
| 260 |
_aSanto Domingo : _bTaller, _c1997. |
||
| 300 |
_a99 p. : _bil., retr. |
||
| 590 | _aInventariado, 2019 / DG | ||
| 650 | 0 |
_aTeatro dominicano _9637 |
|
| 650 | 4 |
_aLiteratatura dominicana _926910 |
|
| 910 | _aValidado. Control de calidad. MFF | ||
| 999 |
_c11021 _d11021 |
||